Analysis of Shujaat Block Through E-Tab, Revit, Auto CAD and GEO Technical Aspects (Record no. 553955)

000 -LEADER
fixed length control field 00433nam a22001457a 4500
082 ## - DEWEY DECIMAL CLASSIFICATION NUMBER
Classification number P-733
100 ## - MAIN ENTRY--PERSONAL NAME
Personal name Arif, Capt Muhammad Adnan
9 (RLIN) 51200
245 ## - TITLE STATEMENT
Title Analysis of Shujaat Block Through E-Tab, Revit, Auto CAD and GEO Technical Aspects
260 ## - PUBLICATION, DISTRIBUTION, ETC.
Place of publication, distribution, etc. Risalpur,
Name of publisher, distributor, etc. MCE,
Date of publication, distribution, etc. 2017.
300 ## - PHYSICAL DESCRIPTION
Extent 55P.
Dimensions 28cm.
526 ## - STUDY PROGRAM INFORMATION NOTE
Program name 0
Interest level 0
Reading level 0
Title point value P_733
650 ## - SUBJECT ADDED ENTRY--TOPICAL TERM
Topical term or geographic name entry element Structure
Topical term following geographic name entry element Syn#1 2017
9 (RLIN) 51201
700 ## - ADDED ENTRY--PERSONAL NAME
Personal name Maj Dr Rizwan
9 (RLIN) 50970
942 ## - ADDED ENTRY ELEMENTS (KOHA)
Source of classification or shelving scheme
Koha item type Book
Holdings
Withdrawn status Lost status Source of classification or shelving scheme Damaged status Not for loan Permanent Location Current Location Date acquired Total Checkouts Full call number Barcode Date last seen Copy number Price effective from Koha item type
          Military College of Engineering (MCE) Military College of Engineering (MCE) 09/05/2017   P-733 MCE-P-733 03/13/2019 Project 09/05/2017 Book
© 2023 Central Library, National University of Sciences and Technology. All Rights Reserved.